[Event "Wroclaw Anderssen Memorial op-C"]
[Site "Wroclaw"]
[Date "2023.??.??"]
[Round "2"]
[White "Zimochocki, Roman"]
[Black "Szachniewicz, Aleksander"]
[Result "1-0"]
[WhiteElo "1461"]
[BlackElo "1150"]
[PlyCount "63"]
[EventDate "2023.08.06"]
[EventType "swiss"]
[EventRounds "9"]
[EventCountry "POL"]
[SourceTitle "EXT 2024"]
[Source "ChessBase"]
[SourceDate "2023.10.10"]
[SourceVersion "1"]
[SourceVersionDate "2023.10.10"]
[SourceQuality "1"]

1. d4 Nf6 2. Bf4 g6 3. e3 Bg7 4. Be2 0-0 5. h4 h5 6. Nd2 d6 7. c4 c5 8. Ngf3 Bf5 9. Ng5 Nc6 10. d5 Nb4 11. e4 Bd7 12. a3 Na6 13. Qc2 Qa5 14. 0-0 b5 15. Bd3 Nh7 16. Rfe1 Qb6 17. Nxh7 Kxh7 18. e5 dxe5 19. Bxe5 Bxe5 20. Rxe5 Qf6 21. Rxh5+ Kg7 22. Rg5 b4 23. Re1 Rab8 24. Ne4 Qb6 25. h5 Bf5 26. Rg3 bxa3 27. Qc3+ Kg8 28. Qxa3 Nb4 29. Bb1 Qa6 30. Qc3 Na2 31. Qe5 Rb7 32. Qxf5 1-0

[Event "Zagnansk op"]
[Site "Zagnansk"]
[Date "2022.04.30"]
[Round "1"]
[White "Zalega, Maciej"]
[Black "Zimochocki, Roman"]
[Result "1-0"]
[WhiteElo "2051"]
[BlackElo "1511"]
[PlyCount "52"]
[EventDate "2022.04.29"]
[EventType "swiss"]
[EventRounds "9"]
[EventCountry "POL"]
[SourceTitle "CBM 208 Extra"]
[Source "ChessBase"]
[SourceDate "2022.07.31"]
[SourceVersion "1"]
[SourceVersionDate "2022.07.31"]
[SourceQuality "1"]

1. e4 c6 2. d4 d5 3. Nc3 dxe4 4. Nxe4 Nf6 5. Nxf6+ gxf6 6. c3 Bf5 7. Nf3 Qd5 8. Be3 Nd7 9. c4 Qe4 10. Qb3 0-0-0 11. Rd1 Qc2 12. Qa3 e5 13. b4 Nb6 14. Rc1 Qa4 15. Qxa4 Nxa4 16. c5 Bg7 17. Be2 Be4 18. Nd2 f5 19. Nxe4 fxe4 20. dxe5 Bxe5 21. Bg4+ Kc7 22. 0-0 Nc3 23. Rxc3 f5 24. Bxf5 Rhf8 25. Rc4 Rxf5 26. Rxe4 Kb8 1-0

[Event "Poznan op 28th"]
[Site "Poznan"]
[Date "2021.08.21"]
[Round "8"]
[White "Zimochocki, Roman"]
[Black "Szelag, Zuzanna"]
[Result "1/2-1/2"]
[WhiteElo "1491"]
[BlackElo "1839"]
[PlyCount "102"]
[EventDate "2021.08.15"]
[EventType "swiss"]
[EventRounds "9"]
[EventCountry "POL"]
[SourceTitle "CBM 203 Extra"]
[Source "ChessBase"]
[SourceDate "2021.09.30"]
[SourceVersion "1"]
[SourceVersionDate "2021.09.30"]
[SourceQuality "1"]

1. d4 c5 2. c3 Nf6 3. Nf3 g6 4. e3 Bg7 5. Be2 0-0 6. Nbd2 cxd4 7. exd4 d5 8. 0-0 Nc6 9. Re1 Bf5 10. Nh4 Bd7 11. Nhf3 Rc8 12. Nb3 Bg4 13. h3 Bxf3 14. Bxf3 Re8 15. Bf4 e6 16. Nd2 Nd7 17. Qb3 Nb6 18. a4 Qd7 19. a5 Nc4 20. Nxc4 dxc4 21. Qa4 Re7 22. Rad1 Ne5 23. Qxd7 Nxf3+ 24. gxf3 Rxd7 25. Ra1 Rd5 26. a6 b6 27. Ra4 Rf5 28. Be3 Rxf3 29. d5 exd5 30. Bxb6 axb6 31. a7 Ra8 32. Re7 Rd3 33. Ra6 Rd1+ 34. Kg2 Bf6 35. Rb7 Be5 36. Raxb6 Kg7 37. Re7 Bf6 38. Rd7 Ra1 39. Rbb7 Rf8 40. Rxd5 Ra6 41. Rc5 Ra8 42. Rcc7 Kh6 43. Rxf7 Kg5 44. Rxh7 Be5 45. Rhe7 Bf4 46. Kf3 Rf6 47. Kg2 Bd6 48. Re4 Bc5 49. Rg4+ Kh6 50. Rh4+ Kg5 51. Rg4+ Kh6 1/2-1/2

[Event "Kochan Memorial op 24th"]
[Site "Koszalin"]
[Date "2013.08.11"]
[Round "2"]
[White "Zimochocki, Roman"]
[Black "Leszczewska, Edyta"]
[Result "1/2-1/2"]
[WhiteElo "1775"]
[BlackElo "1382"]
[PlyCount "182"]
[EventDate "2013.08.10"]
[EventType "swiss"]
[EventRounds "9"]
[EventCountry "POL"]
[SourceTitle "CBM 155 Extra"]
[Source "ChessBase"]
[SourceDate "2013.08.26"]
[SourceVersion "1"]
[SourceVersionDate "2013.08.26"]
[SourceQuality "1"]

1. d4 d5 2. Nf3 Nf6 3. Bf4 Nc6 4. e3 a6 5. c3 Bf5 6. Bd3 Bxd3 7. Qxd3 e6 8. Nbd2 Bd6 9. Bg5 Be7 10. 0-0 Nd7 11. Bf4 0-0 12. e4 dxe4 13. Nxe4 Nf6 14. Rad1 Nxe4 15. Qxe4 Rc8 16. d5 exd5 17. Rxd5 Qe8 18. Rfd1 Nb8 19. R5d3 c6 20. Qf5 f6 21. Nd4 Qf7 22. Ne6 Rfe8 23. Bxb8 Rxb8 24. Rd7 b6 25. b3 Kh8 26. h3 Qg8 27. Nd4 Rbc8 28. Qg4 Qf8 29. Nf5 Rcd8 30. Qc4 g6 31. Ne3 Rxd7 32. Rxd7 Bd8 33. Qxc6 Re7 34. Qd6 Re8 35. Qd4 a5 36. Kh2 Kg8 37. Qh4 Re7 38. Qc4+ Kh8 39. Qd5 Rxd7 40. Qxd7 Qe7 41. Qxe7 Bxe7 42. Nd5 Bd8 43. c4 Kg8 44. Kg3 Kf7 45. Kf3 f5 46. Ke3 Ke6 47. Kd4 Kd6 48. f4 Bh4 49. a3 Bf2+ 50. Kd3 Ke6 51. Nc3 Kd6 52. Nb5+ Kc6 53. Nd4+ Kd6 54. Nf3 Bc5 55. a4 Ke7 56. g4 Kf6 57. Ne5 Ke6 58. Ke2 Bd6 59. Nd3 Kf6 60. g5+ Ke6 61. Ke3 Bc5+ 62. Kf3 Kd6 63. Ne5 Ke6 64. Nd3 Kd6 65. Nb2 Bd4 66. Nd3 Bc5 67. Ke2 Ke6 68. Kd2 Kd6 69. Kc3 Be3 70. b4 axb4+ 71. Kxb4 Kc6 72. Ne5+ Kc7 73. Nd3 Kc6 74. a5 bxa5+ 75. Kxa5 Bd2+ 76. Ka4 Be3 77. Kb4 Bd2+ 78. Kb3 Be3 79. Kc3 Bb6 80. Ne5+ Kd6 81. Kd3 Bc5 82. Nf3 Kc6 83. Nd4+ Kd6 84. Kc3 Kd7 85. Kd3 Bd6 86. Ne2 Bc5 87. Ng3 Kc6 88. Nf1 Bd6 89. Ke3 Kc5 90. Nd2 Bc7 91. h4 Bd6 1/2-1/2

[Event "Kochan Memorial op 23rd"]
[Site "Koszalin"]
[Date "2012.08.13"]
[Round "3"]
[White "Bartoszewicz, Marcin"]
[Black "Zimochocki, Roman"]
[Result "1-0"]
[WhiteElo "1908"]
[BlackElo "1805"]
[PlyCount "87"]
[EventDate "2012.08.11"]
[EventType "swiss"]
[EventRounds "9"]
[EventCountry "POL"]
[SourceTitle "CBM 149 Extra"]
[Source "ChessBase"]
[SourceDate "2012.08.24"]
[SourceVersion "1"]
[SourceVersionDate "2012.08.24"]
[SourceQuality "1"]

1. e4 c6 2. d4 d5 3. exd5 cxd5 4. c4 Nf6 5. Nc3 e6 6. Nf3 Be7 7. c5 0-0 8. Ne5 Nbd7 9. Nxd7 Bxd7 10. Bf4 Qa5 11. Bd2 Qc7 12. f4 Ne4 13. Nxe4 dxe4 14. b4 Bc6 15. b5 Bd5 16. Be3 Rfd8 17. Be2 Qa5+ 18. Qd2 Qxd2+ 19. Kxd2 f5 20. Kc3 Rac8 21. Bc4 Bf6 22. Kb4 Rc7 23. Rhd1 Kf7 24. a4 Be7 25. Kb3 Rcd7 26. Rac1 Bxc5 27. Bxd5 Rxd5 28. Rc4 Be7 29. Rc7 R8d7 30. Rdc1 Bd8 31. R7c4 Ke7 32. Kb4 Bb6 33. Rd1 Rc7 34. Rdc1 Rxc4+ 35. Rxc4 Rd7 36. a5 Bc7 37. a6 bxa6 38. bxa6 Bd6+ 39. Kb5 Rc7 40. Rxc7+ Bxc7 41. d5 exd5 42. Bxa7 Kd7 43. Be3 Kc8 44. Kc6 1-0

[Event "Chojnice op-B 4th"]
[Site "Chojnice"]
[Date "2008.07.16"]
[Round "6"]
[White "Grajczak, Adrian"]
[Black "Zimochocki, Roman"]
[Result "1-0"]
[WhiteElo "1955"]
[BlackElo "1805"]
[PlyCount "27"]
[EventDate "2008.07.12"]
[EventType "swiss"]
[EventRounds "9"]
[EventCountry "POL"]
[SourceTitle "EXT 2018"]
[Source "ChessBase"]
[SourceDate "2017.10.13"]
[SourceVersion "1"]
[SourceVersionDate "2017.10.13"]
[SourceQuality "1"]

1. e4 c6 2. d4 d5 3. f3 dxe4 4. fxe4 e5 5. Nf3 exd4 6. Bc4 Be6 7. Bxe6 fxe6 8. 0-0 h6 9. Ne5 Nf6 10. Ng6 Rg8 11. e5 d3 12. exf6 gxf6 13. Nxf8 Qd5 14. Qf3 1-0

[Event "Chojnice op-B 4th"]
[Site "Chojnice"]
[Date "2008.07.14"]
[Round "4"]
[White "Miziula, Patryk"]
[Black "Zimochocki, Roman"]
[Result "0-1"]
[WhiteElo "1947"]
[BlackElo "1805"]
[PlyCount "103"]
[EventDate "2008.07.12"]
[EventType "swiss"]
[EventRounds "9"]
[EventCountry "POL"]
[SourceTitle "EXT 2018"]
[Source "ChessBase"]
[SourceDate "2017.10.13"]
[SourceVersion "1"]
[SourceVersionDate "2017.10.13"]
[SourceQuality "1"]

1. d4 Nf6 2. c4 g6 3. Nc3 d6 4. Nf3 Bg7 5. e4 0-0 6. Be2 Bg4 7. 0-0 Nbd7 8. Be3 Bxf3 9. Bxf3 e5 10. dxe5 dxe5 11. Qc2 c6 12. Rfd1 Qc7 13. Rac1 a6 14. b4 Rac8 15. Be2 Rfd8 16. f3 Nf8 17. Qa4 Ne6 18. Nd5 Nxd5 19. cxd5 Nf4 20. Bf1 f5 21. g3 Nh5 22. Bh3 Rb8 23. exf5 e4 24. d6 Rxd6 25. Qb3+ Kh8 26. Rxd6 Qxd6 27. Rd1 Qc7 28. f6 Bxf6 29. Rd7 Qe5 30. Qf7 Qa1+ 31. Bf1 Bg7 32. g4 Rf8 33. Qe7 Rg8 34. gxh5 gxh5 35. Kf2 exf3 36. Bc4 Qh1 37. Qg5 Qxh2+ 38. Kxf3 Qh3+ 39. Qg3 Qxd7 40. Bxg8 Kxg8 41. Qb8+ Kf7 42. Qf4+ Bf6 43. Qh6 Qg4+ 44. Kf2 Bh4+ 45. Kf1 Qg6 46. Qf4+ Qf6 47. Kg2 Qxf4 48. Bxf4 Ke6 49. Kf3 Be7 50. a3 Kd5 51. Bc7 Kc4 52. Ke4 0-1

[Event "Chojnice op-B 4th"]
[Site "Chojnice"]
[Date "2008.07.13"]
[Round "2"]
[White "Kaczmarek, Piotr"]
[Black "Zimochocki, Roman"]
[Result "0-1"]
[WhiteElo "1935"]
[BlackElo "1805"]
[PlyCount "80"]
[EventDate "2008.07.12"]
[EventType "swiss"]
[EventRounds "9"]
[EventCountry "POL"]
[SourceTitle "EXT 2018"]
[Source "ChessBase"]
[SourceDate "2017.10.13"]
[SourceVersion "1"]
[SourceVersionDate "2017.10.13"]
[SourceQuality "1"]

1. d4 Nf6 2. c4 d6 3. Nc3 g6 4. e4 Bg7 5. f3 0-0 6. Be3 a6 7. Qd2 Nbd7 8. b4 e5 9. d5 a5 10. Rb1 b6 11. b5 Nh5 12. Nge2 f5 13. exf5 gxf5 14. Bg5 Nhf6 15. Ng3 Nc5 16. Nh5 Qe8 17. Nxg7 Kxg7 18. Bh6+ Kh8 19. Bxf8 Qxf8 20. Be2 Bd7 21. 0-0 Qg7 22. Bd1 Rg8 23. Bc2 Nh5 24. Kh1 Nf4 25. Rf2 Qg6 26. Na4 Nxa4 27. Bxa4 h6 28. Bc2 Qh5 29. c5 bxc5 30. Qxa5 Qh4 31. Qd2 Qg5 32. a4 c4 33. a5 c3 34. Qxc3 Bxb5 35. Qxc7 Qh4 36. Bxf5 Ng6 37. Rfb2 Ne7 38. Rb3 Nxf5 39. Rxb5 Ng3+ 40. Kg1 Qd4# 0-1

[Event "Najdorf Memorial op-B"]
[Site "Grodzisk Mazowiecki"]
[Date "2007.07.22"]
[Round "3"]
[White "Barszcz, Michal"]
[Black "Zimochocki, Roman"]
[Result "0-1"]
[WhiteElo "1660"]
[BlackElo "1861"]
[PlyCount "32"]
[EventDate "2007.07.20"]
[EventType "swiss"]
[EventRounds "9"]
[EventCountry "POL"]
[SourceTitle "EXT 2008"]
[Source "ChessBase"]
[SourceDate "2007.11.25"]
[SourceVersion "1"]
[SourceVersionDate "2007.11.25"]
[SourceQuality "1"]

1. e4 c6 2. d4 d5 3. e5 Bf5 4. c3 e6 5. Bd3 Bxd3 6. Qxd3 Qa5 7. f4 Qa6 8. Qc2 g6 9. Nf3 c5 10. Bd2 Nc6 11. Kf2 h5 12. Rf1 Nh6 13. Kg1 Be7 14. a3 Nf5 15. dxc5 Bxc5+ 16. Kh1 Qxf1+ 0-1